000 00295nam a22001337a 4500
008 170418b xxu||||| |||| 00| 0 eng d
020 _a9780073403434
041 _aeng
080 _213TH
_a573
100 _a11
101 _aSHM
245 _aCONCEPTS IN BIOLOGY
_cENGER, E.D
942 _2udc
_cBK
999 _c11012
_d11012